<?xml version="1.0" encoding="UTF-8"?>
<collection xmlns:xsi="http://www.w3.org/2001/XMLSchema-instance" xsi:schemaLocation="http://www.loc.gov/MARC21/slim http://www.loc.gov/standards/marcxml/schema/MARC21slim.xsd" xmlns="http://www.loc.gov/MARC21/slim">
 <record>
  <leader>00000cam a22000004i 4500</leader>
  <controlfield tag="001">UP-99796217612991668</controlfield>
  <controlfield tag="003">Buklod</controlfield>
  <controlfield tag="005">20190325141033.0</controlfield>
  <controlfield tag="006">t    gr     000 0 </controlfield>
  <controlfield tag="007">ta</controlfield>
  <controlfield tag="008">141121t20152015nyua    rb   |001 0|eng d</controlfield>
  <datafield tag="020" ind1=" " ind2=" ">
   <subfield code="a">9780415834391 (hardback)</subfield>
  </datafield>
  <datafield tag="035" ind1=" " ind2=" ">
   <subfield code="a">(iLib)UPD-00397771277</subfield>
  </datafield>
  <datafield tag="037" ind1=" " ind2=" ">
   <subfield code="a">MC-26549</subfield>
   <subfield code="b">Linar</subfield>
   <subfield code="c">Php9,520.00</subfield>
  </datafield>
  <datafield tag="040" ind1=" " ind2=" ">
   <subfield code="a">DLC</subfield>
   <subfield code="d">DMC</subfield>
   <subfield code="e">rda</subfield>
  </datafield>
  <datafield tag="041" ind1=" " ind2=" ">
   <subfield code="a">eng</subfield>
  </datafield>
  <datafield tag="042" ind1=" " ind2=" ">
   <subfield code="a">DMLUC</subfield>
  </datafield>
  <datafield tag="090" ind1=" " ind2=" ">
   <subfield code="a">PN 1995.9 P678</subfield>
   <subfield code="b">F55 2015</subfield>
  </datafield>
  <datafield tag="245" ind1="0" ind2="0">
   <subfield code="a">Film and the American presidency</subfield>
   <subfield code="c">edited by Jeff Menne and Christian B. Long.</subfield>
  </datafield>
  <datafield tag="264" ind1=" " ind2="1">
   <subfield code="a">New York</subfield>
   <subfield code="b">Routledge, Taylor &amp; Francis Group</subfield>
   <subfield code="c">2015.</subfield>
  </datafield>
  <datafield tag="300" ind1=" " ind2=" ">
   <subfield code="a">xii, 280 pages</subfield>
   <subfield code="b">illustrations</subfield>
   <subfield code="c">24 cm</subfield>
  </datafield>
  <datafield tag="490" ind1="0" ind2=" ">
   <subfield code="a">Routledge advances in film studies</subfield>
   <subfield code="v">39</subfield>
  </datafield>
  <datafield tag="504" ind1=" " ind2=" ">
   <subfield code="a">Includes bibliographical references and index.</subfield>
  </datafield>
  <datafield tag="505" ind1="0" ind2=" ">
   <subfield code="a">The Fictional Lives of American Presidents   / Jeff Menne and Christian B. Long -- Early Cinema and the Classicalizing of the Presidential Image. The Media Reconfigured: The US Presidential Elections of 1892 and 1896   / Charles Musser -- &quot;So typically Southern&quot;: Abraham Lincoln, the New South, and the Romance of Reunion /  David Hoogland Noon -- Mr. Lincoln by Mr. Ford and Mr. Griffith: Image and History in American Cinema /  Tom Gunning -- Wilson and the War Effort: Film, Pedagogy, and the Presidency / Josh Glick -- FDR and the Mediated President. The Talented Mr. Roosevelt  / Jennifer Fay and Scott J. Juengel -- The Vanishing President /  Jonathan Auerbach -- Post-Classical Presidents. Clean Cuts: Kennedy Modernism on Screen /  J.D. Connor -- LBJ and the Astronauts / Jeff Menne --  Richard Nixon and the Arts of Power / Deak Nabers -- Beyond the Reaganite Presidential Imaginary. Angry Presidents: Hollywood Film and the Post-9/11 American Presidency /  Susan Jeffords -- Obama and the (Raced) Presidential Imaginary /   Diane Rubenstein --  The Mise-en-Scene of the Presidency. Anna Deavere Smith and Her West Wing Residencies / Jacqueline O'Connor -- The Mysteries of Washington DC: Hollywood's White House Tunnels / Christian B. Long -- Afterword /  Dana D. Nelson.</subfield>
  </datafield>
  <datafield tag="650" ind1=" " ind2="0">
   <subfield code="a">Presidents in motion pictures.</subfield>
  </datafield>
  <datafield tag="650" ind1=" " ind2="0">
   <subfield code="a">Motion pictures</subfield>
   <subfield code="x">Political aspects</subfield>
   <subfield code="z">United States.</subfield>
  </datafield>
  <datafield tag="650" ind1=" " ind2="0">
   <subfield code="a">Historical films</subfield>
   <subfield code="z">United States</subfield>
   <subfield code="x">History and criticism.</subfield>
  </datafield>
  <datafield tag="650" ind1=" " ind2="0">
   <subfield code="a">Motion pictures and history.</subfield>
  </datafield>
  <datafield tag="700" ind1="1" ind2=" ">
   <subfield code="a">Menne, Jeff</subfield>
   <subfield code="d">1974-</subfield>
   <subfield code="e">editor.</subfield>
  </datafield>
  <datafield tag="700" ind1="1" ind2=" ">
   <subfield code="a">Long, Christian B.</subfield>
   <subfield code="d">1975-</subfield>
   <subfield code="e">editor.</subfield>
  </datafield>
  <datafield tag="905" ind1=" " ind2=" ">
   <subfield code="a">FO</subfield>
  </datafield>
  <datafield tag="852" ind1="0" ind2=" ">
   <subfield code="a">UPD</subfield>
   <subfield code="b">DMC</subfield>
   <subfield code="h">PN 1995.9 P678</subfield>
   <subfield code="i">F55 2015</subfield>
  </datafield>
  <datafield tag="942" ind1=" " ind2=" ">
   <subfield code="a">Book</subfield>
  </datafield>
 </record>
</collection>
